Statistics for New Zealand Rugby All Blacks - 2007 Rugby World Cup Squad

Click here to take the quiz!

General Stats

  • This quiz has been taken 207 times
  • The average score is 21 of 31

Answer Stats

Players % Correct
Daniel Carter
96%
Richard McCaw
96%
Ali Williams
87%
Keven Mealamu
85%
Byron Kelleher
85%
Graham Henry
82%
Conrad Smith
81%
Luke McAlister
81%
Tony Woodcock
80%
Mils Muliaina
79%
Joe Rokocoko
79%
Jerry Collins
79%
Andrew Hore
79%
Sitiveni Sivivatu
75%
Chris Jack
72%
Rodney So'oialo
71%
Reuben Thorne
70%
Leon MacDonald
68%
Douglas Howlett
68%
Nicholas Evans
68%
Carl Hayman
62%
Aaron Mauger
61%
Andrew Ellis
56%
Anton Oliver
54%
Brendon Leonard
53%
Greg Somerville
48%
Christopher Masoe
46%
Isaia Toeava
45%
Neemia Tialata
43%
Keith Robinson
41%
Sione Lauaki
32%

Score Distribution

Percentile by Number Answered

Percent of People with Each Score

Your Score History

You have not taken this quiz